| 000 | 02193cam a2200409 i 4500 | ||
|---|---|---|---|
| 001 | 18978338 | ||
| 003 | OSt | ||
| 005 | 20231204123828.0 | ||
| 008 | 160217s2017 ilu b 001 0 eng c | ||
| 010 | _a 2016007593 | ||
| 020 | _a9780810134225 (pbk. : alk. paper) | ||
| 020 | _a9780810134232 (cloth : alk. paper) | ||
| 020 | _a9780810134249 (ebook) | ||
| 040 |
_aIEN/DLC _beng _cIEN _erda _dDLC |
||
| 042 | _apcc | ||
| 050 | 0 | 0 |
_aPK1712 _b.S49 2017 |
| 082 | 0 | 4 |
_a891.4430093552 _bSHA/I |
| 100 | 1 |
_aShandilya, Krupa _eauthor. _99995 |
|
| 245 | 1 | 0 |
_aIntimate relations : _bsocial reform and the late nineteenth-century South Asian novel / _cKrupa Shandilya. |
| 264 | 1 |
_aEvanston, Illinois : _bNorthwestern University Press, _c2017. |
|
| 300 |
_ax, 157 pages ; _c23 cm. |
||
| 336 |
_atext _2rdacontent |
||
| 337 |
_aunmediated _2rdamedia |
||
| 338 |
_avolume _2rdacarrier |
||
| 490 | 1 | _aFlashpoints | |
| 504 | _aIncludes bibliographical references (page 137-145) and index. | ||
| 505 | 0 | _aAt home in the world : feminist agency in the late-nineteenth century social reform novel -- Desire, death, and the discourse of sati : Bankimchandra Chatterjee's Krishnakanter Uil and Rabindranath Tagore's Chokher Bali -- Erotic worship and the discourse of rights : spiritual feminism in Saratchandra Chatterjee's fiction -- On purdah and poetry : social reform and the status of Urdu poetry in Nazir Ahmad and Hali's fiction -- Poetry, piety and performance : the politics of modesty in M.H. Ruswa's Umrao jaan ada and Junun-e-intezaar -- Towards a feminist modernity : the religious-erotic politics of the modernesque novel. | |
| 650 | 0 |
_aBengali fiction _y19th century _xHistory and criticism. |
|
| 650 | 0 |
_aUrdu fiction _y19th century _xHistory and criticism. |
|
| 650 | 0 |
_aDomestic fiction _xHistory and criticism. |
|
| 650 | 0 | _aWomen in literature. | |
| 650 | 0 | _aSex role in literature. | |
| 830 | 0 | _aFlashPoints (Evanston, Ill.) | |
| 906 |
_a7 _bcbc _corignew _d1 _eecip _f20 _gy-gencatlg |
||
| 942 |
_2ddc _cBK _h891.4430093552 _iSHA/I _k891.4430093552 _mSHA/I |
||
| 999 |
_c43870 _d43870 |
||